000 00558nam a2200145 a 4500
008 100628s2010 ||||||||||||||||| || u
050 _aBOZ(05)MPS
110 _aBank Of Zambia (BOZ)
245 1 0 _aBank of Zambia monetary policy statement January - June 2010
260 _aLusaka
_bBank of Zambia (BOZ)
_c2010
300 _aiv, 24p.
350 _a0.00
650 _aBANKS AND BANKING--ZAMBIA
995 _D0.00
_FCBU-MAIN LIBRARY (Kitwe)
_H1
_I0.00
_M1
_UAVAILABLE
_WJul 1, 2010
_ZZambiana Collection
999 _c35432
_d35432